Alle Hauptstädte Europas - Statistiken

Allgemein
  • Dieses Quiz wurde 172 mal gespielt
  • Das Durchschnittsergebnis liegt bei 38 aus 48
Antwortstatistiken
Land Hauptstadt % Korrekt
Griechenland Athen
99%
Deutschland Berlin
99%
Belgien Brüssel
98%
Frankreich Paris
97%
Österreich Wien
97%
Luxemburg Luxemburg
96%
Italien Rom
96%
Irland Dublin
95%
Niederlande Amsterdam
94%
Dänemark Kopenhagen
93%
Norwegen Oslo
93%
Schweiz Bern
92%
Russland Moskau
92%
Portugal Lissabon
90%
Polen Warschau
90%
Spanien Madrid
89%
Finnland Helsinki
88%
Monaco Monaco
88%
Schweden Stockholm
88%
Vereinigtes Königreich London
87%
Tschechien Prag
86%
San Marino San Marino
85%
Bulgarien Sofia
84%
Rumänien Bukarest
83%
Ukraine Kiew
83%
Vatikanstadt Vatikanstadt
82%
Island Reykjavík
81%
Kroatien Zagreb
81%
Ungarn Budapest
80%
Türkei Ankara
79%
Lettland Riga
79%
Estland Tallinn
74%
Albanien Tirana
74%
Bosnien u.H. Sarajevo
69%
Liechtenstein Vaduz
67%
Serbien Belgrad
65%
Belarus Minsk
65%
Litauen Vilnius
65%
Andorra Andorra la Vella
64%
Malta Valetta
64%
Nordmazedonien Skopje
57%
Slowakei Bratislava
54%
Slowenien Ljubljana
54%
Kosovo Pristina
51%
Moldau Chișinău
45%
Zypern Nikosia
45%
Georgien Tiflis
45%
Montenegro Podgorica
42%
Keine übereinstimmenden Quizze gefunden
Verteilung der Resultate
Anzahl Personen mit jedem Resultat
Perzentil nach korrekt beantworteten Fragen
Ihre Resultats-Entwicklung
Sie haben dieses Quiz noch nicht gespielt